Library Banner

American national standard COBOL coding techniques and disk application (Record no. 25026)

MARC details
000 -LEADER
fixed length control field 00428nam a2200157Ia 4500
001 - CONTROL NUMBER
control field 24838
008 - FIXED-LENGTH DATA ELEMENTS--GENERAL INFORMATION
fixed length control field 140411s9999 xx 000 0 und d
040 ## - CATALOGING SOURCE
Transcribing agency PK-LaUMT
082 ## - DEWEY DECIMAL CLASSIFICATION NUMBER
Classification number 005.1
Item number AME-
245 ## - TITLE STATEMENT
Title American national standard COBOL coding techniques and disk application
260 ## - PUBLICATION, DISTRIBUTION, ETC. (IMPRINT)
Place of publication, distribution, etc Lahore,Pakistan:
Name of publisher, distributor, etc Institute of Business Management,
Date of publication, distribution, etc NA
300 ## - PHYSICAL DESCRIPTION
Extent VAR p.
500 ## - GENERAL NOTE
General note photo copy
546 ## - LANGUAGE NOTE
Language note EN
942 ## - ADDED ENTRY ELEMENTS (KOHA)
Koha item type Books
Holdings
Withdrawn status Lost status Damaged status Not for loan Home library Current library Date acquired Total Checkouts Full call number Barcode Date last seen Price effective from Koha item type
        UMT Main Campus UMT Main Campus 2014-04-11   005.1 AME- 27411 2014-04-24 2014-04-24 Books